000 00475nam a2200145Ia 4500
008 100122s9999 xx 000 0 und d
082 _b10996
_a823.08
100 _aसरदेसाई लक्ष्मणराव
245 _aलक्ष्मण रेखा
260 _bकॉटिनेंटल प्रकाशन
_c1957
300 _a135
630 _aलक्ष्मण रेखा
730 _aलक्ष्मण रेखा
942 _cBOOK
999 _c402444
_d402441